Det 005 Air Force Chain of Command Quiz Stats

 Plays Quiz not verified by Sporcle

Score 0/10 Timer 05:00
0 Plays Today
Position % Correct
Commander in ChiefPresident Barack H. Obama
90.9%
Secretary of DefenseRobert M. Gates
59.1%
Secretary of the Air ForceMichael B. Donely
31.8%
Chief of Staff, USAFGeneral Norton A. Schwartz
27.3%
Commander, Air UniversityLieutenant General Allen G. Peck
13.6%
Commander, AETCLieutenant General Edward A. Rice Jr
9.1%
Commander, AFROTCColonel John M. McCain
9.1%
Commander, HOLM CenterBrigadier General Teresa A. H. Djuric
4.5%
Commander, Det 005Lieutenant Colonel Joseph Fetsch
4.5%
Commandant of CadetsMajor Dale Lightfoot
4.5%

You're not logged in!

Compare scores with friends on all Sporcle quizzes.
OR
Log In

Show Comments

Extras

Created Nov 4, 2010ReportNominate
Tags:air, Air Force, command, det, force

Top Quizzes Today


Score Distribution

Your Account Isn't Verified!

In order to create a playlist on Sporcle, you need to verify the email address you used during registration. Go to your Sporcle Settings to finish the process.

Report this User

Report this user for behavior that violates our Community Guidelines.

Details: